|
|
|
|
| LEADER |
00000nab a2200000 a 4500 |
| 001 |
vtls000782020 |
| 003 |
SK-MaSNL |
| 005 |
20260304125244.0 |
| 008 |
250429c2001 xo 0 slo |
| 015 |
|
|
|a SNBRB2002/03-07542
|
| 035 |
|
|
|a CLN000133743
|
| 035 |
|
|
|a urn:nbn:sk:snk-abn8x
|
| 035 |
|
|
|a (urnnbn)urn:nbn:sk:snk:ar-a03fnx
|
| 035 |
|
|
|a (uuid)e4c828ed-01ac-4c2a-a336-ae5bf545491c
|
| 040 |
|
|
|a SNKBUCL
|b slo
|c SNKBUCL
|e AACR2
|
| 041 |
0 |
|
|a eng
|
| 044 |
|
|
|a xo
|c SK
|
| 080 |
|
|
|a 378.14:61
|2 1997
|
| 100 |
1 |
|
|a Hanáček, Ján,
|d 1941-
|4 aut
|9 7355
|
| 245 |
1 |
0 |
|a Undergraduate medical education in Slovakia - present state and future trends
|c J. Hanacek
|
| 504 |
|
|
|a Res. angl.
|
| 504 |
|
|
|a Bibliogr. odkazy
|
| 650 |
0 |
7 |
|a lekárske fakulty
|2 snkbucl
|9 78383
|
| 650 |
0 |
7 |
|a manažment vzdelávania
|2 snkbucl
|9 116672
|
| 650 |
0 |
7 |
|a výchova a vzdelávanie
|2 snkbucl
|9 1684
|
| 651 |
|
7 |
|a Slovensko
|2 snkbucl
|
| 655 |
|
7 |
|a články z novín a časopisov
|2 snkbucl
|9 267496
|
| 773 |
0 |
|
|t Bratislavské lekárske listy
|g Roč. 102, č. 9 (2001), s. 438-443
|x 0006-9248
|
| 850 |
|
|
|a Slovenská národná knižnica
|
| 852 |
|
|
|a Slovenská národná knižnica
|
| 954 |
|
|
|a odborná, vedecká literatúra pôvodná (slovenská)
|2 lita
|
| 958 |
|
|
|a article27
|
| 958 |
|
|
|a NB
|
| 958 |
|
|
|a MI
|
| 958 |
|
|
|a OND
|
| 958 |
|
|
|a EUIPO
|
| 992 |
|
|
|a RBX
|
| 999 |
|
|
|c 2893607
|d 2895537
|